[Event "Muensterland Verbandsklasse 1415"]
[Site "Germany"]
[Date "2015.03.21"]
[Round "8.8"]
[White "Moor, Daniel"]
[Black "Willermann, Norbert"]
[Result "1/2-1/2"]
[WhiteElo "1568"]
[BlackElo "1700"]
[PlyCount "62"]
[EventDate "2014.09.13"]
[EventType "team-tourn"]
[EventRounds "9"]
[EventCountry "GER"]
[SourceTitle "EXT 2016"]
[Source "ChessBase"]
[SourceDate "2015.10.08"]
[SourceVersion "1"]
[SourceVersionDate "2015.10.08"]
[SourceQuality "1"]
[WhiteTeam "Ochtrup"]
[BlackTeam "Emsdetten Rochade II"]
[WhiteTeamCountry "GER"]
[BlackTeamCountry "GER"]

1. c4 Nf6 2. Nc3 g6 3. g3 Bg7 4. Bg2 0-0 5. e4 d6 6. d3 e5 7. Nge2 Nc6 8. h3 Nh5 9. g4 Nf6 10. Ng3 Nd4 11. Be3 c5 12. 0-0 Ne8 13. f4 f5 14. exf5 gxf5 15. Bd5+ Kh8 16. g5 Nc7 17. Qh5 Qe8 18. Qd1 Be6 19. Bxe6 Ncxe6 20. Nd5 exf4 21. Bxf4 Nxf4 22. Nxf4 Qe3+ 23. Kg2 Be5 24. Ngh5 Bxf4 25. Nxf4 Rae8 26. Qh5 Rg8 27. Kh1 Qg3 28. h4 Re3 29. Qh6 Re6 30. Nxe6 Nxe6 31. Rae1 Qh3+ 1/2-1/2

[Event "Muensterland Verbandsklasse-B 0506"]
[Site "Germany"]
[Date "2005.09.03"]
[Round "1.3"]
[White "Willermann, Norbert"]
[Black "Wigger, Frank"]
[Result "0-1"]
[WhiteElo "1776"]
[BlackElo "1849"]
[PlyCount "48"]
[EventDate "2005.09.03"]
[EventType "team"]
[EventRounds "9"]
[EventCountry "GER"]
[SourceTitle "EXT 2006"]
[Source "ChessBase"]
[SourceDate "2005.11.24"]
[SourceVersion "1"]
[SourceVersionDate "2005.11.24"]
[SourceQuality "1"]
[WhiteTeam "Westbevern II"]
[BlackTeam "Metelen"]
[WhiteTeamCountry "GER"]
[BlackTeamCountry "GER"]

1. e4 e5 2. Nf3 Nc6 3. Bc4 Nf6 4. Nc3 Bc5 5. 0-0 d6 6. h3 Be6 7. Bb3 0-0 8. d3 Ne7 9. Bg5 Ng6 10. d4 exd4 11. Nxd4 Re8 12. Re1 h6 13. Be3 Bxb3 14. Nxb3 Bb4 15. f3 Bxc3 16. bxc3 d5 17. exd5 Nxd5 18. Bd4 Qg5 19. Qd2 Ndf4 20. Be3 Rad8 21. Bxf4 Nxf4 22. Rxe8+ Rxe8 23. Rd1 Kh7 24. Nc1 Re1+ 0-1

[Event "Muensterland Verbandsklasse-B 0405"]
[Site "Muensterland"]
[Date "2005.03.05"]
[Round "7.5"]
[White "Willermann, Norbert"]
[Black "Gesing, Felix"]
[Result "0-1"]
[WhiteElo "1763"]
[BlackElo "1794"]
[PlyCount "56"]
[EventDate "2004.09.11"]
[EventType "team"]
[EventRounds "9"]
[EventCountry "GER"]
[SourceTitle "EXT 2006"]
[Source "ChessBase"]
[SourceDate "2005.11.24"]
[SourceVersion "1"]
[SourceVersionDate "2005.11.24"]
[SourceQuality "1"]
[WhiteTeam "Westbevern II"]
[BlackTeam "Raesfeld Erle"]
[WhiteTeamCountry "GER"]
[BlackTeamCountry "GER"]

1. e4 c5 2. Nf3 d6 3. d4 cxd4 4. Nxd4 Nf6 5. Nc3 a6 6. Be3 e6 7. Be2 Be7 8. Qd2 0-0 9. 0-0 Qc7 10. a4 b6 11. f4 Bb7 12. Bd3 Ng4 13. f5 d5 14. Bf4 e5 15. Bg3 Qc5 16. Nxd5 Bxd5 17. exd5 Qxd4+ 18. Kh1 Nd7 19. c3 Qxd5 20. f6 Ngxf6 21. Rae1 e4 22. c4 Qxd3 23. Qxd3 exd3 24. Rxe7 Rfe8 25. Rxe8+ Rxe8 26. Rd1 Ne5 27. h3 Ne4 28. Bxe5 Nf2+ 0-1

[Event "Muensterland Verbandsklasse-B 0304"]
[Site "Germany"]
[Date "2004.03.06"]
[Round "7.7"]
[White "Willermann, Norbert"]
[Black "Schmeing, Manfred"]
[Result "0-1"]
[WhiteElo "1778"]
[BlackElo "1764"]
[PlyCount "54"]
[EventDate "2003.09.20"]
[EventType "team"]
[EventRounds "9"]
[EventCountry "GER"]
[SourceTitle "EXT 2005"]
[Source "ChessBase"]
[SourceDate "2004.11.15"]
[SourceVersion "1"]
[SourceVersionDate "2004.11.15"]
[SourceQuality "1"]
[WhiteTeam "Westbevern II"]
[BlackTeam "Suedlohn II"]
[WhiteTeamCountry "GER"]
[BlackTeamCountry "GER"]

1. e4 g6 2. d4 Bg7 3. Nf3 c5 4. Nc3 cxd4 5. Nxd4 Nc6 6. Be3 a6 7. Bc4 Nf6 8. f3 0-0 9. Qd2 Qc7 10. Bb3 b5 11. Nxc6 dxc6 12. 0-0-0 Bb7 13. Qf2 Rfd8 14. Kb1 Nd7 15. Rd2 e6 16. Ne2 c5 17. c4 h6 18. Rhd1 Rac8 19. Nf4 Kh7 20. h4 Bd4 21. cxb5 Bxe3 22. Qxe3 c4 23. Ba4 Nb6 24. bxa6 Rxd2 25. Qxd2 Nxa4 26. axb7 Qxb7 27. Ka1 Rd8 0-1

[Event "Muensterland Verbandsklasse-B 0304"]
[Site "Germany"]
[Date "2004.01.17"]
[Round "5.7"]
[White "Willermann, Norbert"]
[Black "Wessel, Johannes"]
[Result "0-1"]
[WhiteElo "1778"]
[BlackElo "1543"]
[PlyCount "71"]
[EventDate "2003.09.20"]
[EventType "team"]
[EventRounds "9"]
[EventCountry "GER"]
[SourceTitle "EXT 2005"]
[Source "ChessBase"]
[SourceDate "2004.11.15"]
[SourceVersion "1"]
[SourceVersionDate "2004.11.15"]
[SourceQuality "1"]
[WhiteTeam "Westbevern II"]
[BlackTeam "Steinfurt"]
[WhiteTeamCountry "GER"]
[BlackTeamCountry "GER"]

1. e4 c5 2. Nf3 d6 3. d4 cxd4 4. Nxd4 Nf6 5. Nc3 g6 6. f3 Bg7 7. Be3 0-0 8. Qd2 Nc6 9. Bc4 Bd7 10. 0-0-0 Rc8 11. Bb3 Ne5 12. h4 Nc4 13. Bxc4 Rxc4 14. g4 Qa5 15. Nde2 Rfc8 16. h5 b5 17. Kb1 b4 18. Nd5 Nxd5 19. Qxd5 Qa6 20. hxg6 Be6 21. gxf7+ Bxf7 22. Qd3 Rxc2 23. Qxa6 Rxb2+ 24. Ka1 Rxa2+ 25. Kb1 Rxa6 26. Bd4 Ra2 27. Bxg7 Rxe2 28. Bd4 Rcc2 29. Rc1 b3 30. Rxc2 bxc2+ 31. Kb2 a6 32. Rc1 Bc4 33. Rxc2 Rxc2+ 34. Kxc2 Be2 35. f4 Bxg4 36. e5 0-1